Simultaneous propagation of waves of more than one type /

Guardado en:
Autor Principal: Avila, Geraldo Severo de Souza.
Formato: Libro
Idioma:English
Publicado: Rio de Janeiro : Instituto de Matemática Pura e Aplicada do Conselho Nacional de Pesquisas, 1959.
Series:Notas de matemática ; no. 15
Etiquetas: Agregar Etiqueta
Sin Etiquetas, Sea el primero en etiquetar este registro!
LEADER 00701nam a22001815a 4500
001 MAT.inmabb000460
008 031211s1959####bl#######m####000#0#eng#d
005 20110304114553.0
245 1 0 |a Simultaneous propagation of waves of more than one type /  |c by Geraldo Severo de Souza Avila. 
260 |a Rio de Janeiro :  |b Instituto de Matemática Pura e Aplicada do Conselho Nacional de Pesquisas,  |c 1959. 
300 |a 27 h. ;  |c 27 cm. 
440 0 |a Notas de matemática ;  |v no. 15 
502 |a Tese de "master" do autor. 
510 4 |a MR,  |c 21 #6195 
100 1 |a Avila, Geraldo Severo de Souza. 
084 |a 35Lxx  |2 msc2000 
859 |h 35  |i Av958  |p A-233  |b BIB. MATEMATICA 
859 |h 35  |i Av958  |p A-234  |t Ej. 2  |b BIB. MATEMATICA